|
|
|
|
| LEADER |
00000nam0a2200000 4500 |
| 001 |
245788 |
| 005 |
20231031211241.0 |
| 010 |
|
|
|a 5020104450
|
| 035 |
|
|
|a (RuTPU)RU\TPU\book\267214
|
| 090 |
|
|
|a 245788
|
| 100 |
|
|
|a 20131116d1990 k y0rusy50 ca
|
| 101 |
0 |
|
|a rus
|
| 102 |
|
|
|a RU
|
| 105 |
|
|
|a y z 001zy
|
| 200 |
1 |
|
|a СЭВ: перестройка механизма взаимодействия
|e межгосударственный уровень
|f В. С. Габолаев
|g Академия наук СССР (АН СССР), Институт экономики мировой социалистической системы (ИМЭСС) ; под ред. А. Д. Некипелова
|
| 210 |
|
|
|a Москва
|c Наука
|d 1990
|
| 215 |
|
|
|a 94 с.
|
| 333 |
|
|
|a Исключено из фонда НТБ ТПУ
|
| 700 |
|
1 |
|a Габолаев
|b В. С.
|g Владимир Сергеевич
|
| 702 |
|
1 |
|a Некипелов
|b А. Д.
|4 340
|
| 712 |
0 |
2 |
|a Академия наук СССР (АН СССР)
|b Институт экономики мировой социалистической системы (ИМЭСС)
|c (1960-1990)
|c (москва)
|
| 801 |
|
1 |
|a RU
|b 63413507
|c 20131116
|
| 801 |
|
2 |
|a RU
|b 63413507
|c 20220412
|g RCR
|
| 942 |
|
|
|c BK
|